| 000 | 01031nam a22002657a 4500 | ||
|---|---|---|---|
| 001 | 6819 | ||
| 003 | FISKH | ||
| 005 | 20250529123508.0 | ||
| 008 | 250529b cb ||||| |||| 00| 0 eng d | ||
| 020 | _a070918006999 | ||
| 040 |
_aFISKH _beng _cFISKH _dFISKH |
||
| 050 | _aPZ7 | ||
| 082 | _a646.72 | ||
| 100 | _aBonnell, Jennifer | ||
| 245 |
_aBratz! stylin' salon 'n' spa / _cby Jennifer Bonnell |
||
| 260 |
_aNew York : _bGrosset & Dunlap, _c2003 |
||
| 300 |
_a48 pages : _bcolor illustrations ; _c27 cm |
||
| 505 | _aR | ||
| 520 | _aThe Bratz pack love chilling out at the stylin' salon and spa and this book shows you how to pamper yourself, just like the Bratz girls. It includes at home spa tips, aromatherapy basics, do-it-yourself facials, manicure and pedicure steps, and recipes for lip-smackin' smoothies. The book also includes four scented aromatherapy bookmarks. | ||
| 521 | 8 |
_a660
_bLexile estimate |
|
| 521 | 8 |
_aR
_bRaz-Plus |
|
| 650 |
_aSalon _vSpa |
||
| 942 |
_2ddc _cBK _n0 |
||
| 999 |
_c6819 _d6819 |
||